Likota lya Bankoya (History of Nkoya peolpe): Nkoya edition (Record no. 49288)

MARC details
000 -LEADER
fixed length control field 00927nam a2200229 a 4500
008 - FIXED-LENGTH DATA ELEMENTS--GENERAL INFORMATION
fixed length control field 091123s1988 ||||||||||||||||| || u
050 ## - LIBRARY OF CONGRESS CALL NUMBER
Classification number ASC(08)
100 ## - MAIN ENTRY--PERSONAL NAME
Personal name Shimunika, Johasaphat Malasha
245 10 - TITLE STATEMENT
Title Likota lya Bankoya (History of Nkoya peolpe): Nkoya edition
Statement of responsibility, etc. by Rev. Johasaphat Malasha Shimunika and edited by Wim Van Binsbergen
246 ## - VARYING FORM OF TITLE
Title proper/short title History of Nkoya peolpe
260 ## - PUBLICATION, DISTRIBUTION, ETC.
Place of publication, distribution, etc. Leiden:
Name of publisher, distributor, etc. ASC
Date of publication, distribution, etc. 1988
300 ## - PHYSICAL DESCRIPTION
Extent 97p.
350 ## - PRICE (NR) (BK AM CF MU VM SE) [OBSOLETE]
Price 0.00
490 ## - SERIES STATEMENT
Series statement ASC Reseach reports
500 ## - GENERAL NOTE
General note Next is in Nkoya edition. Nkoya (Zambian Language).
650 #0 - SUBJECT ADDED ENTRY--TOPICAL TERM
Topical term or geographic name entry element AFRICA--HISTORY
650 ## - SUBJECT ADDED ENTRY--TOPICAL TERM
Topical term or geographic name entry element NKOYA (AFRICAN PEOPLE)--HISTORY
650 ## - SUBJECT ADDED ENTRY--TOPICAL TERM
Topical term or geographic name entry element NKOYA (ZAMBIAN PEOPLE)--HISTORY
700 ## - ADDED ENTRY--PERSONAL NAME
Personal name Binsbergen, Wim Van
710 ## - ADDED ENTRY--CORPORATE NAME
Corporate name or jurisdiction name as entry element Africa Studies Centre (ASC)
995 ## - RECOMMENDATION 995 [LOCAL, UNIMARC FRANCE]
-- 0.00
-- CBU-MAIN LIBRARY (Kitwe)
-- 1
-- 0.00
-- 1
-- AVAILABLE
-- Nov 23, 2009
-- International Publications
Holdings
Withdrawn status Lost status Source of classification or shelving scheme Damaged status Not for loan Home library Current library Shelving location Date acquired Total Checkouts Full call number Barcode Date last seen Price effective from Koha item type
          CBU-MAIN LIBRARY, KITWE. CBU-MAIN LIBRARY, KITWE.   11/30/2022   ASC(08) Z03004855 11/30/2022 11/30/2022 MONOGRAPH